| 000 | 00741nam a2200301Ia 4500 | ||
|---|---|---|---|
| 008 | 171025s9999 xx 000 0 und d | ||
| 020 | _a9780749446642 | ||
| 050 | _a510.7 | ||
| 050 | _bT651 2006 | ||
| 100 | _aTolley, Harry | ||
| 245 | _aHow to pass numeracy tests / | ||
| 245 | _cHarry Tolley and Ken Thomas. | ||
| 250 | _aThird edition | ||
| 260 | _aUnited Kingdom : | ||
| 260 | _bKogan Page, | ||
| 260 | _c2006 | ||
| 300 | _a203 pages : | ||
| 300 | _billustrations ; | ||
| 300 | _c22cm. | ||
| 500 | _aIncludes answes. | ||
| 650 | _aEmployment test. | ||
| 650 | _aNumeracy -- | ||
| 650 | _aReasoning (Psychology) -- | ||
| 650 | _xproblems. | ||
| 650 | _xTesting. | ||
| 700 | _aThomas, Ken. | ||
| 700 | _aTitle. | ||
| 999 |
_c344522 _d344522 |
||